Studies in history. (Record no. 29467)

MARC details
000 -LEADER
fixed length control field 01786cas a2200445 4500
001 - CONTROL NUMBER
control field 11238395
005 - DATE AND TIME OF LATEST TRANSACTION
control field 20061223084207.0
008 - FIXED-LENGTH DATA ELEMENTS--GENERAL INFORMATION
fixed length control field 800603c19799999ii fr p o 0 a0eng d
010 ## - LIBRARY OF CONGRESS CONTROL NUMBER
LC control number 80643067
016 ## - NATIONAL BIBLIOGRAPHIC AGENCY CONTROL NUMBER
Record control number 100970693
Source DNLM
022 ## - INTERNATIONAL STANDARD SERIAL NUMBER
International Standard Serial Number 0257-6430
Incorrect ISSN 0973-080X
Source z
037 ## - SOURCE OF ACQUISITION
Source of stock number/acquisition Sage Publications Inc., 2455 Teller Road, Thousand Oaks, CA 91320
040 ## - CATALOGING SOURCE
Original cataloging agency MiEM
Transcribing agency MiEM
Modifying agency DLC
-- NST
-- AIP
-- OCoLC
-- MH
-- NST
-- ICRL
-- OUCA
-- WaU
-- MH
-- DNLM
-- OCoLC
042 ## - AUTHENTICATION CODE
Authentication code lc
043 ## - GEOGRAPHIC AREA CODE
Geographic area code a-ii---
050 ## - LIBRARY OF CONGRESS CALL NUMBER
Classification number DS401
Item number .S834
082 ## - DEWEY DECIMAL CLASSIFICATION NUMBER
Classification number 954.005
210 ## - ABBREVIATED TITLE
Abbreviated title Stud. hist.
Qualifying information (Sahibabad)
222 ## - KEY TITLE
Key title Studies in history
Qualifying information (Sahibabad)
245 ## - TITLE STATEMENT
Title Studies in history.
260 ## - PUBLICATION, DISTRIBUTION, ETC. (IMPRINT)
Place of publication, distribution, etc New Delhi,
Name of publisher, distributor, etc Sage Publications
300 ## - PHYSICAL DESCRIPTION
Extent v.
Dimensions 24 cm.
310 ## - CURRENT PUBLICATION FREQUENCY
Current publication frequency Semiannual
362 ## - DATES OF PUBLICATION AND/OR SEQUENTIAL DESIGNATION
Dates of publication and/or sequential designation v. 1-v. 4, no. 1; Jan./June 1979-Jan./June 1982; New ser. v. 1- Jan./June 1985-
515 ## - NUMBERING PECULIARITIES NOTE
Numbering peculiarities note Suspended July 1982-1984.
550 ## - ISSUING BODY NOTE
Issuing body note "Journal of the Centre for Historical Studies, Jawaharlal Nehru University."
590 ## - LOCAL NOTE (RLIN)
Local note SERBIB/SERLOC merged record
651 ## - SUBJECT ADDED ENTRY--GEOGRAPHIC NAME
Geographic name India
General subdivision History
Form subdivision Periodicals.
9 (RLIN) 25967
710 ## - ADDED ENTRY--CORPORATE NAME
Corporate name or jurisdiction name as entry element Jawaharlal Nehru University.
Subordinate unit Centre for Historical Studies.
9 (RLIN) 25968
856 ## - ELECTRONIC LOCATION AND ACCESS
Uniform Resource Identifier <a href="http://sih.sagpub.com">http://sih.sagpub.com</a>
906 ## - LOCAL DATA ELEMENT F, LDF (RLIN)
a 7
b cbc
c serials
d 4
e ncip
f 19
g n-oclcserc
936 ## - OCLC/CONSER MISCELLANEOUS DATA (OCLC); PIECE USED FOR CATALOGING (pre-AACR2) (RLIN)
OCLC control number(s) of parallel record(s) (OCLC); Piece used for cataloging, PUC (RLIN) Vol. 14, no. 2, July-Dec. 1998
942 ## - ADDED ENTRY ELEMENTS (KOHA)
Source of classification or shelving scheme Dewey Decimal Classification
Item type Periodicals
Classification part 954.005
Call number suffix STU
Serial record 1
Holdings
Withdrawn status Lost status Source of classification or shelving scheme Damaged status Not for loan Collection code Home library Current library Date acquired Total Checkouts Full call number Date last seen Price effective from Koha item type
    Dewey Decimal Classification   Not For Loan Non-fiction D.B.Act.Division D.B.Act.Division 22/08/2009   954.005 STU 22/08/2009 22/08/2009 Periodicals

© Delhi Public Library
Hit Counter
free hit counter